Stories from Ramayana (Record no. 153121)

MARC details
000 -LEADER
fixed length control field 00730nam a22002057a 4500
005 - DATE AND TIME OF LATEST TRANSACTION
control field 20181127160438.0
010 ## - LCCN (DPL NO)
LC control number B-129531
020 ## - INTERNATIONAL STANDARD BOOK NUMBER
International Standard Book Number 8171102349
Terms of availability 100.00
035 ## - SYSTEM CONTROL NUMBER
System control number B-129531,B-129515 B-129535 B129537
037 ## - SOURCE OF ACQUISITION
Source of stock number/acquisition Parimal Publications
082 ## - DEWEY DECIMAL CLASSIFICATION NUMBER
Classification number S
100 ## - MAIN ENTRY--PERSONAL NAME
Personal name Sharma, Suraj Narain
245 ## - TITLE STATEMENT
Title Stories from Ramayana
Statement of responsibility, etc Suraj Narain Sharma
260 ## - PUBLICATION, DISTRIBUTION, ETC. (IMPRINT)
Place of publication, distribution, etc Delhi
Name of publisher, distributor, etc Parimal Publications
Date of publication, distribution, etc 2006
270 ## - ADDRESS
Address 46, Sanskrit Nagar, Plot-3, Sector-14, Rohini, Delhi-110085
City Delhi
Postal code 110085
300 ## - PHYSICAL DESCRIPTION
Extent 156p.
Dimensions 22cm(hb)
500 ## - GENERAL NOTE
General note Glossary of Sanskrit Words
942 ## - ADDED ENTRY ELEMENTS (KOHA)
Source of classification or shelving scheme Dewey Decimal Classification
Item type English Books
Classification part S
Call number suffix SHA
Holdings
Withdrawn status Lost status Not for loan Collection code Home library Current library Date acquired Full call number Barcode Koha item type Source of acquisition Cost, normal purchase price Cost, replacement price
      Fiction Patel Nagar Patel Nagar 07/07/2018 S SHA B-129515 English Books BPPD/Pub 100.00 100.00
      Fiction R.C.Libraries (zls) R.C.Libraries (zls) 27/11/2018 S SHA B-129535 English Books   100.00 100.00
      Fiction R.C.Libraries (zls) R.C.Libraries (zls) 27/11/2018 S SHA B-129537 English Books   100.00 100.00
      Fiction Sarojini Nagar Sarojini Nagar 01/07/2018 S SHA B-129531 English Books      

© Delhi Public Library
Hit Counter
free hit counter